• 首页
  • 本馆介绍
  • 公告通知
  • 最新文献
  • 馆藏检索
  • 电子资源
  • 读者导购
  • 参考咨询
  • 我的图书馆
  • 登录
  • 详细信息显示
  • 放入我的书架
  • 预约/预借图书
  • 作者相关作品
  • 分类相关作品
  • 丛书相关作品
  • 出版社相关作品

书目信息

  • 表格格式
  • 工作单格式
  • 卡片格式
题名:
一代医圣
    
 
作者: 史双文 编写
分册:  
出版信息: 长春   吉林出版集团股份有限公司  2020
页数: 121页
开本: 23cm
丛书名:
单 册:
中图分类: K826.2=342 , K826.2
科图分类:
主题词: 医学家--yi xue jia--传记--中国--东汉时代
电子资源:
ISBN: 978-7-5581-7930-3
000 00995nam0 2200277 450
001 2362807448
005 20230926172702.62
010    @a978-7-5581-7930-3@dCNY30.00
092    @aCN@bbwz2035skb-00790
100    @a20210118d2020 em y0chiy50 ea
101 0  @achi
102    @aCN@b220000
105    @aa z 000yb
200 1  @a一代医圣@Ayi dai yi sheng@e张仲景@f史双文编写
210    @a长春@c吉林出版集团股份有限公司@d2020
215    @a121页@c彩图@d23cm
300    @a吉鹿书香
330    @a本书分七章, 内容包括生于乱世 立志医方; 少年勤求古训 拜师张伯祖; 青年博采众方 广求名师; 拜祭扁鹊 巧得扁鹊脉书; 壮年行医 名传四方; 中年为官 始创“坐堂医”; 晚年著书立说 撰写《伤寒杂病论》。
517 1  @a张仲景@Azhang zhong jing
600  0 @a张仲景,@Azhang zhong jing@f150-219@x传记
606 0  @a医学家@Ayi xue jia@x传记@y中国@z东汉时代
690    @aK826.2=342@v5
690    @aK826.2@v4
701  0 @a史双文@Ashi shuang wen@4编写
801  0 @aCN@b山东中教@c20230926
905    @aBZT@dK826.2@e33
    
    一代医圣:张仲景/史双文编写.-长春:吉林出版集团股份有限公司,2020
    121页:彩图;23cm
    吉鹿书香
    
    ISBN 978-7-5581-7930-3:CNY30.00
    本书分七章, 内容包括生于乱世 立志医方; 少年勤求古训 拜师张伯祖; 青年博采众方 广求名师; 拜祭扁鹊 巧得扁鹊脉书; 壮年行医 名传四方; 中年为官 始创“坐堂医”; 晚年著书立说 撰写《伤寒杂病论》。
●
相关链接 在五车中查询图书 在当当中查询图书 在豆瓣中查询图书


正题名:一代医圣     索取号:K826.2/33         预约/预借

序号 登录号 条形码 馆藏地/架位号 状态 备注
1 2000957609   2000957609   第四书库/四032架A面6层4列/ [索取号:K826.2/33] 在馆    
2 2000957610   2000957610   第四书库/四032架A面6层4列/ [索取号:K826.2/33] 在馆    
3 2000957611   2000957611   第四书库/四032架A面6层4列/ [索取号:K826.2/33] 在馆    
4 2000957612   2000957612   第四书库/四032架A面6层4列/ [索取号:K826.2/33] 在馆    
5 2000957613   2000957613   第四书库/四032架A面6层4列/ [索取号:K826.2/33] 在馆    
6 2000957614   2000957614   第四书库/四032架A面6层4列/ [索取号:K826.2/33] 在馆    
山东省滨州职业学院图书馆 欢迎您!
大连网信软件有限公司© 版权所有